[Event "DVM U10 2014"]
[Site "Magdeburg GER"]
[Date "2014.12.28"]
[Round "5"]
[White "Mielewsky, Karl-Josef"]
[Black "von Krosigk, Florian"]
[Result "0-1"]
[Termination "normal"]
[Board "26.2"]
[WhiteElo "857"]
[BlackElo "600"]
[WhiteTeam "SV Roter Turm Halle 2"]
[BlackTeam "Hamburger SK 3"]
[PlyCount "102"]
[BlackFideId "16227808"]
[EventCountry "GER"]
[EventRounds "7"]
[EventType "team-swiss"]
[EventDate "2014.12.27"]

1. e4 e5 2. Nf3 Nc6 3. Bc4 Bc5 4. d3 Nf6 5. Nc3 d6 6. Bg5 O-O 7. O-O Bg4 8. Nd5
Bd4 9. c3 Bc5 10. d4 exd4 11. cxd4 Bxd4 12. Qd3 Bxb2 13. Rab1 Bxf3 14. Qxf3 Nd4
15. Qh3 Bc3 16. Bd3 h6 17. e5 dxe5 18. Bxh6 Qxd5 19. Bg5 Rfe8 20. Bxf6 gxf6 21.
Rb5 c5 22. Rbb1 Kf8 23. Qh4 Ke7 24. Be4 Qxa2 25. Rxb7+ Ke6 26. Qg4+ f5 27. Qh3
Rab8 28. Qh6+ f6 29. Qh7 Rbd8 30. Qf7+ Kd6 31. Qxa2 fxe4 32. Qxa7 Ra8 33. Qb6+
Nc6 34. Rd1+ Bd4 35. Qc7+ Kd5 36. Qd7+ Kc4 37. Qxc6 Ra5 38. Rc1+ Kd3 39. h3
Rea8 40. Kh2 Bxf2 41. Rd7+ Bd4 42. Qxf6 Kd2 43. Qg5+ Ke2 44. Qh5+ Kd2 45. Qd1+
Ke3 46. g3 Ra2+ 47. Kg1 c4 48. Qe1+ Kd3+ 49. Kf1 Rf8+ 50. Qf2 Raxf2+ 51. Ke1
Rf1# 0-1

[Event "DVM U10 2014"]
[Site "Magdeburg GER"]
[Date "2014.12.28"]
[Round "5"]
[White "Lindner, Ben"]
[Black "Currenti, Gianluca"]
[Result "1-0"]
[Termination "normal"]
[Board "27.1"]
[WhiteElo "949"]
[BlackElo "849"]
[WhiteTeam "BSG Grün-Weiß Leipzig 2"]
[BlackTeam "Schachzwerge Magdeburg 3"]
[PlyCount "65"]
[WhiteFideId "16214552"]
[EventCountry "GER"]
[EventRounds "7"]
[EventType "team-swiss"]
[EventDate "2014.12.27"]

1. e4 e5 2. Nf3 Nc6 3. Bc4 Bc5 4. d3 h6 5. h3 Nf6 6. Nc3 O-O 7. Nd5 d6 8. Be3
a6 9. g4 Bxe3 10. fxe3 Be6 11. d4 exd4 12. exd4 Nxe4 13. Qd3 Ng3 14. Rg1 b5 15.
Bb3 Bxd5 16. Bxd5 Nb4 17. Qb3 Nxd5 18. Qxd5 Re8+ 19. Kd1 Ne2 20. Re1 c6 21.
Qxc6 Rc8 22. Qxa6 Kh8 23. Qxb5 Rc3 24. Rxe2 Rxf3 25. Rxe8+ Qxe8 26. Qxe8+ Kh7
27. Qe4+ f5 28. Qxf3 fxg4 29. Qxg4 g6 30. Qd7+ Kh8 31. Kd2 g5 32. Re1 Kg8 33.
Re8# 1-0

[Event "DVM U10 2014"]
[Site "Magdeburg GER"]
[Date "2014.12.28"]
[Round "5"]
[White "Weber, Willi"]
[Black "Wittig, Georg"]
[Result "0-1"]
[Termination "normal"]
[Board "27.2"]
[WhiteElo "749"]
[BlackElo "942"]
[WhiteTeam "Schachzwerge Magdeburg 3"]
[BlackTeam "BSG Grün-Weiß Leipzig 2"]
[PlyCount "46"]
[BlackFideId "16266366"]
[EventCountry "GER"]
[EventRounds "7"]
[EventType "team-swiss"]
[EventDate "2014.12.27"]

1. e4 e5 2. Nf3 Nc6 3. Bc4 Nf6 4. d3 Bc5 5. Nc3 d5 6. exd5 Nxd5 7. Bg5 f6 8.
Bh4 Bf5 9. Nd2 Nf4 10. O-O Nxd3 11. Bb5 O-O 12. Qe2 Nf4 13. Bc4+ Be6 14. Qe4
Qe7 15. Bd3 Nxd3 16. Qxd3 Bf7 17. Nde4 Rad8 18. Qb5 Bb6 19. Ng3 a6 20. Qa4 Bd5
21. Qg4 a5 22. Nh5 Be6 23. Qg3 e4 {Rest nicht nachvollziehbar} 0-1

[Event "DVM U10 2014"]
[Site "Magdeburg GER"]
[Date "2014.12.28"]
[Round "5"]
[White "Güldenpfennig, Carl"]
[Black "Henneberg, Gregor"]
[Result "1-0"]
[Termination "normal"]
[Board "27.3"]
[WhiteElo "850"]
[BlackElo "600"]
[WhiteTeam "BSG Grün-Weiß Leipzig 2"]
[BlackTeam "Schachzwerge Magdeburg 3"]
[PlyCount "51"]
[EventCountry "GER"]
[EventRounds "7"]
[EventType "team-swiss"]
[EventDate "2014.12.27"]

1. e4 e5 2. Nf3 Nc6 3. Bc4 Nf6 4. d3 Bc5 5. Nc3 O-O 6. Nd5 Ng4 7. O-O d6 8. Bg5
Qe8 9. Nxc7 Qd7 10. Nxa8 Bxf2+ 11. Rxf2 Nxf2 12. Kxf2 Nb4 13. c3 Na6 14. h3 Qe8
15. Bxa6 bxa6 16. Nc7 Qd7 17. Nd5 a5 18. Ne7+ Kh8 19. Nxc8 Qxc8 20. Qd2 a4 21.
Be7 Re8 22. Bxd6 Re6 23. Bxe5 Rg6 24. Qe3 Rh6 25. Qxh6 Kg8 26. Qxg7# 1-0

[Event "DVM U10 2014"]
[Site "Magdeburg GER"]
[Date "2014.12.29"]
[Round "6"]
[White "Nguyen, Alex Dac-Vuong"]
[Black "Brunner, Sophia"]
[Result "1-0"]
[Termination "normal"]
[Board "1.1"]
[WhiteElo "1835"]
[BlackElo "1429"]
[WhiteTeam "BSG Grün-Weiß Leipzig 1"]
[BlackTeam "Hagener SV 1"]
[PlyCount "93"]
[WhiteFideId "12984388"]
[BlackFideId "12960683"]
[EventCountry "GER"]
[EventRounds "7"]
[EventType "team-swiss"]
[EventDate "2014.12.27"]

1. e4 c5 2. Nf3 Nc6 3. d4 cxd4 4. Nxd4 g6 5. Be3 Bg7 6. Nc3 Nf6 7. f3 d5 8. Bb5
Qd6 9. exd5 Nxd5 10. Nxd5 Qxd5 11. Nxc6 Qxd1+ 12. Rxd1 Bd7 13. Nd4 Bxb5 14.
Nxb5 O-O 15. c3 a6 16. Na3 b5 17. Nc2 Rfc8 18. O-O Rc7 19. Nb4 a5 20. Nd5 Rb7
21. Bc5 Re8 22. Bd4 e5 23. Rfe1 Rbb8 24. Bf2 a4 25. a3 Rb7 26. f4 Rbb8 27. fxe5
Rxe5 28. Rxe5 Bxe5 29. Bg3 Bxg3 30. hxg3 Rf8 31. Nc7 Rb8 32. Rd5 Kf8 33. Rxb5
Rxb5 34. Nxb5 Ke7 35. c4 Kd7 36. Nc3 f6 37. Nxa4 Kc6 38. b4 f5 39. b5+ Kb7 40.
c5 g5 41. Nc3 h5 42. Nd5 h4 43. c6+ Kc8 44. b6 hxg3 45. Nb4 f4 46. Na6 g4 47.
b7+ 1-0

[Event "DVM U10 2014"]
[Site "Magdeburg GER"]
[Date "2014.12.29"]
[Round "6"]
[White "Buchloh, Adrian"]
[Black "Haufe, Laurin"]
[Result "1-0"]
[Termination "normal"]
[Board "1.2"]
[WhiteElo "1580"]
[BlackElo "1476"]
[WhiteTeam "Hagener SV 1"]
[BlackTeam "BSG Grün-Weiß Leipzig 1"]
[PlyCount "59"]
[WhiteFideId "12960675"]
[BlackFideId "12976504"]
[EventCountry "GER"]
[EventRounds "7"]
[EventType "team-swiss"]
[EventDate "2014.12.27"]

1. e4 c5 2. Nf3 d6 3. d4 cxd4 4. Nxd4 Nf6 5. Nc3 a6 6. Bg5 e5 7. Bxf6 Qxf6 8.
Nd5 Qd8 9. Nf5 Bxf5 10. exf5 Be7 11. g3 O-O 12. Bg2 Nc6 13. c3 Re8 14. O-O Bg5
15. Qg4 Bf6 16. Rfe1 a5 17. Rad1 a4 18. h4 a3 19. b3 Ra6 20. Kh1 Kh8 21. Qh5
Kg8 22. Qg4 Kh8 23. Qh5 Kg8 24. Be4 Ra7 25. g4 Bxh4 26. f6 g6 27. Qxh4 Kh8 28.
Qh6 Rg8 29. Kg2 Qd7 30. Qxh7+ 1-0

[Event "DVM U10 2014"]
[Site "Magdeburg GER"]
[Date "2014.12.29"]
[Round "6"]
[White "Weihrauch, Jakob"]
[Black "Kamp, Adrian"]
[Result "1-0"]
[Termination "normal"]
[Board "2.1"]
[WhiteElo "1602"]
[BlackElo "1413"]
[WhiteClock "00:22:28"]
[BlackClock "00:19:34"]
[WhiteTeam "Hamburger SK 1"]
[BlackTeam "SK Münster 32"]
[PlyCount "83"]
[WhiteFideId "16210115"]
[BlackFideId "16222466"]
[EventCountry "GER"]
[EventRounds "7"]
[EventType "team-swiss"]
[EventDate "2014.12.27"]

1. e4 c5 2. Nf3 d6 3. d4 cxd4 4. Nxd4 Nf6 5. Nc3 g6 6. Be3 Bg7 7. f3 O-O 8. Qd2
Nc6 9. O-O-O Bd7 10. g4 Re8 11. h4 h5 12. gxh5 Nxh5 13. Rg1 Rc8 14. f4 Nxd4 15.
Bxd4 Bxd4 16. Qxd4 Nxf4 17. Qe3 Qb6 18. Qxf4 Qxg1 19. Bh3 Qxd1+ 20. Kxd1 Bxh3
21. h5 e5 22. Qg3 Be6 23. hxg6 fxg6 24. Qxg6+ Kh8 25. Ne2 Bd7 26. Ng3 Re7 27.
Nh5 Rh7 28. c3 Rf8 29. Qxd6 Rf1+ 30. Ke2 Bb5+ 31. Ke3 Rxh5 32. Qb8+ Kg7 33.
Qxb7+ Kf6 34. Qxb5 Re1+ 35. Kd2 Ra1 36. Qa6+ Kg5 37. Qxa7 Rh2+ 38. Ke3 Re1+ 39.
Kf3 Rxb2 40. Qg7+ Kh5 41. Qxe5+ Kg6 42. Qg3+ 1-0

[Event "DVM U10 2014"]
[Site "Magdeburg GER"]
[Date "2014.12.29"]
[Round "6"]
[White "Toval, David"]
[Black "Klaas, Heiko"]
[Result "1/2-1/2"]
[Termination "normal"]
[Board "2.2"]
[WhiteElo "1528"]
[BlackElo "1107"]
[WhiteTeam "SK Münster 32"]
[BlackTeam "Hamburger SK 1"]
[PlyCount "120"]
[WhiteFideId "12992755"]
[BlackFideId "16215940"]
[EventCountry "GER"]
[EventRounds "7"]
[EventType "team-swiss"]
[EventDate "2014.12.27"]

1. e4 e5 2. Nf3 Nc6 3. Bb5 a6 4. Ba4 Nf6 5. O-O Bc5 6. c3 b5 7. Bb3 O-O 8. Re1
Bb7 9. d4 exd4 10. cxd4 Bb6 11. e5 Ne8 12. d5 Ne7 13. Bg5 Bc5 14. Bh4 d6 15.
Bc2 dxe5 16. Rxe5 f6 17. Qd3 Ng6 18. Nc3 Nd6 19. Rh5 Qe8 20. Re1 Qf7 21. Ne2 f5
22. Ng5 Qxd5 23. Qxd5+ Bxd5 24. Nxh7 Nxh4 25. Nxf8 Nxg2 26. Rd1 Bf3 27. Bxf5
Bxh5 28. Kxg2 Bxe2 29. Rd5 Rxf8 30. Be6+ Kh8 31. Re5 Rxf2+ 32. Kg3 Rf3+ 33. Kg2
Rf6 34. Rxe2 Rg6+ 35. Kf3 Rf6+ 36. Kg4 a5 37. Re5 Bb6 38. Bb3 a4 39. Bc2 Bd4
40. Re7 Kg8 41. Rxc7 Bxb2 42. Rd7 Kf8 43. Rd8+ Ke7 44. Rg8 Ke6 45. Rxg7 Rf4+
46. Kxf4 Bxg7 47. h4 Nc4 48. Bf5+ Kf6 49. Bd3 Bh6+ 50. Ke4 Nd6+ 51. Kd5 Bf8 52.
Kc5 Be7 53. Bxb5 Nxb5+ 54. Kxb5 a3 55. Kc4 Kg6 56. Kb3 Kh5 57. Kc2 Kxh4 58. Kb1
Kg3 59. Ka1 Kf2 60. Kb1 Ke2 1/2-1/2

[Event "DVM U10 2014"]
[Site "Magdeburg GER"]
[Date "2014.12.29"]
[Round "6"]
[White "Fuhrmann, Philipp"]
[Black "Schröder, Lennart"]
[Result "1-0"]
[Termination "normal"]
[Board "2.3"]
[WhiteElo "756"]
[BlackElo "1188"]
[WhiteTeam "Hamburger SK 1"]
[BlackTeam "SK Münster 32"]
[PlyCount "65"]
[WhiteFideId "16227557"]
[BlackFideId "16222490"]
[EventCountry "GER"]
[EventRounds "7"]
[EventType "team-swiss"]
[EventDate "2014.12.27"]

1. e4 c5 2. Nf3 d6 3. Nc3 Nc6 4. Bc4 a6 5. d3 b5 6. Bd5 Bb7 7. Bf4 Nf6 8. O-O
b4 9. Ne2 e6 10. Bb3 a5 11. Ba4 Be7 12. d4 O-O 13. d5 exd5 14. exd5 Ne5 15.
Nxe5 dxe5 16. Bxe5 Nxd5 17. c3 Bd6 18. Bxd6 Qxd6 19. c4 Qg6 20. cxd5 Rad8 21.
Bb3 a4 22. Bc4 Rfe8 23. g3 Qf6 24. b3 a3 25. Nf4 Re5 26. Rc1 Rg5 27. Re1 Qxf4
28. Qe2 Qb8 29. d6 Bd5 30. d7 g6 31. Qe7 Kg7 32. Qxg5 Bc6 33. Qe5+ 1-0

[Event "DVM U10 2014"]
[Site "Magdeburg GER"]
[Date "2014.12.29"]
[Round "6"]
[White "Van Lindt, Raffael"]
[Black "Huo, Da"]
[Result "1-0"]
[Termination "normal"]
[Board "2.4"]
[WhiteElo "1061"]
[BlackElo "600"]
[WhiteClock "00:12:04"]
[BlackClock "00:12:01"]
[WhiteTeam "SK Münster 32"]
[BlackTeam "Hamburger SK 1"]
[PlyCount "58"]
[WhiteFideId "12998834"]
[BlackFideId "16221206"]
[EventCountry "GER"]
[EventRounds "7"]
[EventType "team-swiss"]
[EventDate "2014.12.27"]

1. b3 d5 2. Bb2 Nc6 3. e3 a6 4. g3 h6 5. Bg2 Nf6 6. Nf3 Bf5 7. O-O e6 8. Nc3
Be7 9. d4 O-O 10. Ne5 Bd6 11. Ne2 Nb4 12. c3 Nc6 13. c4 Ne7 14. cxd5 Nexd5 15.
Qc1 Be4 16. f3 Bf5 17. e4 Bxe5 18. dxe5 Nd7 19. exf5 exf5 20. f4 c6 21. Rd1 Rc8
22. Bxd5 cxd5 23. Qe3 Rc5 24. Qd4 Re8 25. e6 f6 26. exd7 Rxe2 27. Qxc5 Rxb2 28.
Qc8 Qxc8 29. dxc8=Q+ Kh7 1-0

[Event "DVM U10 2014"]
[Site "Magdeburg GER"]
[Date "2014.12.29"]
[Round "6"]
[White "Zeuner, Ole"]
[Black "Bergauz, Igal"]
[Result "0-1"]
[Termination "normal"]
[Board "3.1"]
[WhiteElo "1484"]
[BlackElo "1777"]
[WhiteClock "00:00:01"]
[BlackClock "00:06:23"]
[WhiteTeam "Schachzwerge Magdeburg 1"]
[BlackTeam "SK München Südost"]
[PlyCount "79"]
[WhiteFideId "12943576"]
[BlackFideId "12977284"]
[EventCountry "GER"]
[EventRounds "7"]
[EventType "team-swiss"]
[EventDate "2014.12.27"]

1. e4 c6 2. c4 d5 3. exd5 cxd5 4. cxd5 Nf6 5. Nf3 Nxd5 6. Nc3 Nxc3 7. bxc3 g6
8. d4 Bg7 9. Bd3 O-O 10. O-O Qc7 11. Bd2 b6 12. Be4 Bb7 13. Bxb7 Qxb7 14. Rc1
Nd7 15. Re1 Rfe8 16. Bf4 Red8 17. Qe2 h6 18. h4 Qc6 19. Qd3 Kh7 20. c4 Qf6 21.
Bg3 Qf5 22. Qe4 Qxe4 23. Rxe4 Nf6 24. Re2 Nh5 25. Bh2 Bxd4 26. Rd2 Bg7 27. Rcd1
Rf8 28. Rc2 Rad8 29. Rxd8 Rxd8 30. Rd2 Rxd2 31. Nxd2 f5 32. Bb8 a6 33. a4 Nf6
34. Bc7 Nd7 35. a5 bxa5 36. Bxa5 Nc5 37. Bb4 Nd3 38. Bxe7 Bd4 39. Kf1 Nxf2 40.
Nf3 {nicht mehr nachvollziehbar [c5]} 0-1

[Event "DVM U10 2014"]
[Site "Magdeburg GER"]
[Date "2014.12.29"]
[Round "6"]
[White "Grunert, Friedrich"]
[Black "Morgenstern, Tobias"]
[Result "0-1"]
[Termination "normal"]
[Board "3.2"]
[WhiteElo "1492"]
[BlackElo "1342"]
[WhiteClock "00:30:23"]
[BlackClock "00:12:48"]
[WhiteTeam "SK München Südost"]
[BlackTeam "Schachzwerge Magdeburg 1"]
[PlyCount "114"]
[WhiteFideId "12995592"]
[BlackFideId "12974390"]
[EventCountry "GER"]
[EventRounds "7"]
[EventType "team-swiss"]
[EventDate "2014.12.27"]

1. e4 e5 2. Nf3 Nc6 3. Bc4 Bc5 4. c3 Nf6 5. d4 exd4 6. cxd4 Bb4+ 7. Bd2 Bxd2+
8. Nbxd2 d5 9. exd5 Nxd5 10. O-O O-O 11. Re1 Be6 12. Qc2 Ndb4 13. Qb3 Bxc4 14.
Nxc4 a5 15. a3 a4 16. Qd1 Nd5 17. h3 Qf6 18. Qd3 Rfe8 19. Nce5 Nxe5 20. Nxe5 c5
21. Nd7 Qxd4 22. Qb5 Nc7 23. Qxb7 Qxd7 24. Rad1 Qc8 25. Rxe8+ Nxe8 26. Qd5 Nf6
27. Qd3 h6 28. b4 axb3 29. Qxb3 c4 30. Qc3 Qc5 31. Rc1 Ra4 32. Qc2 Qxa3 33. Rd1
Nh7 34. Rd8+ Nf8 35. Qd1 Qa1 36. Qxa1 Rxa1+ 37. Kh2 c3 38. Rc8 Ra3 39. f4 f5
40. g4 fxg4 41. hxg4 Kf7 42. g5 hxg5 43. fxg5 Ne6 44. g6+ Kxg6 45. Rc6 Kf5 46.
Kg3 c2+ 47. Kf2 Nd4 48. Rxc2 Nxc2 49. Ke2 Kf4 50. Kf1 Rg3 51. Ke2 Rf3 52. Kd2
g5 53. Ke2 g4 54. Kd2 g3 55. Ke2 g2 56. Kd2 g1=Q 57. Ke2 Qe1# 0-1

[Event "DVM U10 2014"]
[Site "Magdeburg GER"]
[Date "2014.12.29"]
[Round "6"]
[White "Mirschel, Thaddeus"]
[Black "Cheng, Dino Liwen"]
[Result "1/2-1/2"]
[Termination "normal"]
[Board "3.3"]
[WhiteElo "1006"]
[BlackElo "1029"]
[WhiteTeam "Schachzwerge Magdeburg 1"]
[BlackTeam "SK München Südost"]
[PlyCount "89"]
[WhiteFideId "16277570"]
[EventCountry "GER"]
[EventRounds "7"]
[EventType "team-swiss"]
[EventDate "2014.12.27"]

1. e4 c5 2. Nf3 g6 3. d4 cxd4 4. Nxd4 Nc6 5. Nc3 Bg7 6. Be3 Nh6 7. f3 e6 8. Bb5
O-O 9. Qd2 Re8 10. O-O-O Nxd4 11. Bxd4 Bf8 12. g4 f5 13. g5 Nf7 14. Bf6 Be7 15.
Bxd7 Bxd7 16. Qxd7 Bxf6 17. Qxb7 Nd6 18. Qa6 Bxg5+ 19. Kb1 Bf4 20. Nb5 Qc8 21.
Qxc8 Nxc8 22. Nc3 Nb6 23. Ne2 Bc7 24. Rd3 Rad8 25. Rc3 Be5 26. Ra3 Rd2 27. Nc3
Rb8 28. Rb3 Nd7 29. Ra3 Bxc3 30. Rxc3 Nf6 31. Kc1 Rd7 32. Rc6 Re8 33. e5 Nd5
34. c4 Ne3 35. b4 Rb8 36. b5 Nxc4 37. Rxc4 Rxb5 38. f4 Rd3 39. a4 Rbd5 40. Rc8+
Kg7 41. Ra8 a5 42. Ra7+ Kh6 43. Ra6 R3d4 44. Rxe6 Rxa4 45. Ra6 {Rest nicht
nachvollziehbar} 1/2-1/2

[Event "DVM U10 2014"]
[Site "Magdeburg GER"]
[Date "2014.12.29"]
[Round "6"]
[White "Klonov, Jakov"]
[Black "Heutling, Elina"]
[Result "1-0"]
[Termination "normal"]
[Board "3.4"]
[WhiteElo "978"]
[BlackElo "972"]
[WhiteClock "00:07:15"]
[BlackClock "00:15:38"]
[WhiteTeam "SK München Südost"]
[BlackTeam "Schachzwerge Magdeburg 1"]
[PlyCount "91"]
[WhiteFideId "16211928"]
[BlackFideId "16244729"]
[EventCountry "GER"]
[EventRounds "7"]
[EventType "team-swiss"]
[EventDate "2014.12.27"]

1. e4 e5 2. Nf3 Nc6 3. Bc4 Bc5 4. Nc3 Nf6 5. d3 O-O 6. Bg5 d6 7. Nd5 Bg4 8.
Bxf6 gxf6 9. c3 Na5 10. h3 Bh5 11. g4 Bg6 12. Qd2 Nxc4 13. dxc4 c6 14. b4 Bb6
15. Nxb6 axb6 16. g5 Bxe4 17. Qe3 d5 18. gxf6 Qxf6 19. Rg1+ Kh8 20. Ng5 Rg8 21.
h4 Ra3 22. Rg3 Qf5 23. f3 d4 24. Qxe4 Qxe4+ 25. fxe4 h6 26. Nxf7+ Kh7 27. Rxg8
Kxg8 28. Nxe5 Rxc3 29. Kd2 h5 30. Rc1 Ra3 31. Nd7 Kf7 32. Nxb6 Ke6 33. Re1 Ke5
34. Nd7+ Kd6 35. Nb6 Rxa2+ 36. Kd3 c5 37. bxc5+ Kxc5 38. e5 Ra3+ 39. Kd2 Kxb6
40. e6 Re3 41. e7 Rxe7 42. Rxe7 Kc5 43. Kd3 b6 44. Re4 b5 45. cxb5 Kxb5 46.
Rxd4 1-0

[Event "DVM U10 2014"]
[Site "Magdeburg GER"]
[Date "2014.12.29"]
[Round "6"]
[White "Noever, Niklas"]
[Black "Wang, Xinyuan"]
[Result "1-0"]
[Termination "normal"]
[Board "4.1"]
[WhiteElo "1400"]
[BlackElo "1251"]
[WhiteTeam "Rheydter Schachverein 1920"]
[BlackTeam "SG Königskinder Hohentübingen"]
[PlyCount "105"]
[WhiteFideId "12988642"]
[BlackFideId "16221494"]
[EventCountry "GER"]
[EventRounds "7"]
[EventType "team-swiss"]
[EventDate "2014.12.27"]

1. e4 c5 2. Nf3 a6 3. Nc3 Nc6 4. d4 cxd4 5. Nxd4 e6 6. Be3 Qc7 7. Be2 Bd6 8. g3
Be7 9. Qd2 Nf6 10. f3 h6 11. O-O-O d6 12. f4 Nb4 13. a3 a5 14. Ndb5 Qd8 15.
Nxd6+ Qxd6 16. Qxd6 Bxd6 17. Rxd6 O-O 18. axb4 axb4 19. Nb1 Nxe4 20. Rd4 Nf6
21. Bf3 Bd7 22. Rxb4 Rac8 23. Nc3 Bc6 24. Bxc6 bxc6 25. Bc5 Rfd8 26. Rd1 Nd5
27. Nxd5 cxd5 28. Bd4 Rc6 29. c3 Ra8 30. Kc2 Kh7 31. Rb7 f6 32. Bxf6 Rg8 33.
Ra1 Kg6 34. Be5 Kf5 35. Rxg7 Rxg7 36. Bxg7 Rc4 37. Re1 Rc7 38. Bxh6 Rh7 39.
Re5+ Kf6 40. Bg5+ Kg6 41. Rxe6+ Kf5 42. Re5+ Kg4 43. Rxd5 Rxh2+ 44. Kb3 Rxb2+
45. Kxb2 Kh5 46. Rd6 Kg4 47. c4 Kxg3 48. f5 Kg4 49. f6 Kxg5 50. f7 Kh5 51. f8=Q
Kg5 52. Qg7+ Kh5 53. Rh6# 1-0

[Event "DVM U10 2014"]
[Site "Magdeburg GER"]
[Date "2014.12.29"]
[Round "6"]
[White "Jakob, Georg"]
[Black "Bartels, Simon"]
[Result "1/2-1/2"]
[Termination "normal"]
[Board "4.2"]
[WhiteElo "979"]
[BlackElo "1235"]
[WhiteClock "00:18:14"]
[BlackClock "00:01:14"]
[WhiteTeam "SG Königskinder Hohentübingen"]
[BlackTeam "Rheydter Schachverein 1920"]
[PlyCount "100"]
[WhiteFideId "16224221"]
[BlackFideId "12990140"]
[EventCountry "GER"]
[EventRounds "7"]
[EventType "team-swiss"]
[EventDate "2014.12.27"]

1. e4 c5 2. d4 cxd4 3. c3 d5 4. Qxd4 Nf6 5. exd5 Qxd5 6. Qxd5 Nxd5 7. Bc4 Nb6
8. Bb3 Bf5 9. Bf4 Nc6 10. Nf3 e6 11. Ke2 Rd8 12. Rd1 Rxd1 13. Kxd1 Bc5 14. Ke2
O-O 15. Na3 Bg4 16. Be3 Bxe3 17. Kxe3 Rd8 18. Rd1 Rxd1 19. Bxd1 Nd5+ 20. Ke4
f5+ 21. Kd3 Nf4+ 22. Kd2 Nxg2 23. Nb5 h6 24. Nfd4 Bxd1 25. Kxd1 Nxd4 26. Nxd4
Nf4 27. Kd2 a6 28. Ke3 Nd5+ 29. Kf3 Kf7 30. c4 Nb6 31. b3 Kf6 32. Ke3 g5 33. f4
gxf4+ 34. Kxf4 e5+ 35. Ke3 f4+ 36. Ke4 exd4 37. Kxf4 a5 38. Ke4 a4 39. Kxd4
axb3 40. axb3 Nc8 41. b4 Ke6 42. c5 b6 43. h3 h5 44. Ke4 Kf6 45. Kf4 bxc5 46.
bxc5 Ne7 47. h4 Ng6+ 48. Kg3 Ke5 49. c6 Ke4 (49... Kd6) 50. c7 Ne7 1/2-1/2

[Event "DVM U10 2014"]
[Site "Magdeburg GER"]
[Date "2014.12.29"]
[Round "6"]
[White "Leßmann, Sönke"]
[Black "Dunder, Tim"]
[Result "1-0"]
[Termination "normal"]
[Board "4.3"]
[WhiteElo "1151"]
[BlackElo "830"]
[WhiteTeam "Rheydter Schachverein 1920"]
[BlackTeam "SG Königskinder Hohentübingen"]
[PlyCount "63"]
[WhiteFideId "16222520"]
[EventCountry "GER"]
[EventRounds "7"]
[EventType "team-swiss"]
[EventDate "2014.12.27"]

1. e4 c5 2. Nf3 a6 3. d4 cxd4 4. Nxd4 e5 5. Nf3 Nc6 6. Bc4 Bc5 7. O-O Nf6 8.
Nc3 d6 9. Bg5 h6 10. Bxf6 Qxf6 11. Nd5 Qd8 12. c3 Be6 13. b4 Bb6 14. Qd3 Ba7
15. Rfd1 O-O 16. Bb3 Rc8 17. Rac1 Bb8 18. Rd2 Qd7 19. Nb6 Rfd8 20. Nxd7 Nxb4
21. Qb1 Rxd7 22. Bxe6 fxe6 23. cxb4 Rxc1+ 24. Qxc1 Rc7 25. Rc2 Rxc2 26. Qxc2
Ba7 27. Qc8+ Kh7 28. Qxb7 Bxf2+ 29. Kxf2 h5 30. Ng5+ Kh6 31. Nxe6 h4 32. Qxg7+
1-0

[Event "DVM U10 2014"]
[Site "Magdeburg GER"]
[Date "2014.12.29"]
[Round "6"]
[White "Aga, Kenan"]
[Black "Hansen, Jonah"]
[Result "0-1"]
[Termination "normal"]
[Board "4.4"]
[WhiteElo "600"]
[BlackElo "939"]
[WhiteClock "00:28:48"]
[BlackClock "00:24:00"]
[WhiteTeam "SG Königskinder Hohentübingen"]
[BlackTeam "Rheydter Schachverein 1920"]
[PlyCount "97"]
[BlackFideId "16276841"]
[EventCountry "GER"]
[EventRounds "7"]
[EventType "team-swiss"]
[EventDate "2014.12.27"]

1. e4 e5 2. Nf3 Nc6 3. Bb5 a6 4. Bxc6 bxc6 5. Nxe5 Qe7 6. d4 c5 7. Bf4 d6 8.
Ng4 Qxe4+ 9. Qe2 Qxe2+ 10. Kxe2 Bxg4+ 11. f3 Bf5 12. dxc5 Bxc2 13. cxd6 Bxd6
14. Be3 Bxb1 15. Raxb1 Nf6 16. Bd4 Be7 17. Rhc1 Rc8 18. Be5 c5 19. b4 c4 20. a3
O-O 21. Rc3 Nd5 22. Rc2 Rfe8 23. Bg3 Bd6+ 24. Kf2 Bxg3+ 25. hxg3 Ne3 26. Re2
Nd5 27. Rd2 Nb6 28. Rdd1 Rc6 29. Re1 Rec8 30. Re3 g6 31. f4 c3 32. Rc1 Na4 33.
g4 Rd8 34. Rce1 c2 35. Rc1 Rd1 36. Re1 Nb2 37. Rexd1 cxd1=Q 38. Rxd1 Nxd1+ 39.
Kf3 Rc3+ 40. Ke4 Rxa3 41. f5 gxf5+ 42. gxf5 Ra4 43. Ke5 a5 44. bxa5 Rxa5+ 45.
Kd6 Rxf5 46. Kc6 Kg7 47. Kd6 Kg6 48. g4 Ra5 49. g5 0-1

[Event "DVM U10 2014"]
[Site "Magdeburg GER"]
[Date "2014.12.29"]
[Round "6"]
[White "Hommel, Niclas"]
[Black "Kazuch, Vincent"]
[Result "1-0"]
[Termination "normal"]
[Board "5.1"]
[WhiteElo "1552"]
[BlackElo "1690"]
[WhiteTeam "Schachunion Berlin 1"]
[BlackTeam "SV Empor Erfurt"]
[PlyCount "81"]
[WhiteFideId "12974927"]
[BlackFideId "12971480"]
[EventCountry "GER"]
[EventRounds "7"]
[EventType "team-swiss"]
[EventDate "2014.12.27"]

1. e4 e6 2. d4 d5 3. exd5 exd5 4. Nf3 Nc6 5. c4 Nf6 6. Be2 Bf5 7. a3 Be7 8. c5
O-O 9. O-O a5 10. Bb5 Nb8 11. Bf4 c6 12. Be2 Nbd7 13. Nc3 b6 14. b4 axb4 15.
axb4 bxc5 16. dxc5 Ne4 17. Nxe4 Bxe4 18. Nd4 Rxa1 19. Qxa1 Bf6 20. Nxc6 Bxa1
21. Nxd8 Bc3 22. Nc6 d4 23. Nxd4 Bxd4 24. Rd1 Bxc5 25. bxc5 Nxc5 26. Bd6 Rd8
27. Bxc5 Rxd1+ 28. Bxd1 g6 29. f3 Bd5 30. Kf2 h5 31. Ke3 Kg7 32. Kd4 Be6 33.
Be2 Kf6 34. Bc4 Bf5 35. Bb6 Kg7 36. Ke5 f6+ 37. Kd6 h4 38. Ke7 g5 39. Bd4 h3
40. Bxf6+ Kh7 41. g4 1-0

[Event "DVM U10 2014"]
[Site "Magdeburg GER"]
[Date "2014.12.29"]
[Round "6"]
[White "Schneider, Konstantin"]
[Black "Fricke, Janek Konrad"]
[Result "1-0"]
[Termination "normal"]
[Board "5.2"]
[WhiteElo "1216"]
[BlackElo "1225"]
[WhiteTeam "SV Empor Erfurt"]
[BlackTeam "Schachunion Berlin 1"]
[PlyCount "95"]
[BlackFideId "12997471"]
[EventCountry "GER"]
[EventRounds "7"]
[EventType "team-swiss"]
[EventDate "2014.12.27"]

1. e4 c5 2. Nf3 Nc6 3. d4 cxd4 4. Nxd4 g6 5. Nc3 Bg7 6. Be3 Nf6 7. Bc4 Qa5 8.
O-O O-O 9. Bb3 d6 10. h3 a6 11. a4 Qb4 12. Nxc6 bxc6 13. Qd4 Qxd4 14. Bxd4 Bb7
15. f3 d5 16. exd5 Nxd5 17. Bxg7 Kxg7 18. Ne4 Bc8 19. Rfd1 Be6 20. Nc5 Ne3 21.
Nxe6+ fxe6 22. Re1 Nd5 23. Rxe6 Kf7 24. Rxc6 Rad8 25. Rd1 e6 26. Bxd5 exd5 27.
c4 dxc4 28. Rxd8 Rxd8 29. Rxc4 Rd1+ 30. Kh2 Rd2 31. Rb4 Rd5 32. Rb7+ Kg8 33. g4
g5 34. Kg3 Ra5 35. Rb4 Kg7 36. b3 h6 37. Rb6 Kh7 38. h4 Kg7 39. f4 gxf4+ 40.
Kxf4 Kh7 41. g5 hxg5+ 42. hxg5 Kg7 43. Kg4 Kf7 44. Kh5 Kg7 45. Rb7+ Kg8 46. Kg6
Rc5 47. Rb8+ Rc8 48. Rxc8# 1-0